Catàleg del Col·legi de Periodistes de Catalunya

El Diluvio, la prensa y la Segunda República / (Registre núm. 7362)

000 -CABECERA
Longitud fija campo de control 00830cam a22002535i 4500
003 - IDENTIFICADOR DEL NÚMERO DE CONTROL
Identificador del número de control OSt
005 - FECHA Y HORA DE LA ÚLTIMA TRANSACCIÓN
Fecha y hora de la última transacción 20260515062531.0
008 - CÓDIGOS DE INFORMACIÓN DE LONGITUD FIJA
Códigos de información de longitud fija 210604s2021 sp 000 0 spa
010 ## - NÚMERO DE CONTROL DE LA BIBLIOTECA DEL CONGRESO
Número de control de LC 2021359719
020 ## - NÚMERO INTERNACIONAL NORMALIZADO PARA LIBROS
Número Internacional Normalizado para Libros (ISBN) 9788418550331
035 ## - NÚMERO DE CONTROL DEL SISTEMA
Número de control del sistema (SP-BaPL)pu210704188
040 ## - FUENTE DE LA CATALOGACIÓN
Centro catalogador de origen DLC
Lengua de catalogación eng
Centro transcriptor DLC
Normas de descripción rda
042 ## - CÓDIGO DE AUTENTICACIÓN
Código de autenticación pcc
100 1# - PUNTO DE ACCESO PRINCIPAL-NOMBRE DE PERSONA
Nombre de persona Toll, Gill
9 (RLIN) 3885
Fechas asociadas al nombre 1963-
245 13 - MENCIÓN DE TÍTULO
Título El Diluvio, la prensa y la Segunda República /
Mención de responsabilidad, etc. Gil Toll.
264 #1 - PRODUCCIÓN, PUBLICACIÓN , DISTRIBUCIÓN, FABRICACIÓN Y COPYRIGHT
Lugar de producción, publicación, distribución, fabricación Barcelona :
Nombre del productor, editor, distribuidor, fabricante Icària,
Fecha de de producción, publicación, distribución, fabricación o copyright 2021.
300 ## - DESCRIPCIÓN FÍSICA
Extensión 358 pàgines :
Otras características físicas il·lustracions
Dimensiones 22 cm.
490 0# - MENCIÓN DE SERIE
Mención de serie Icaria Antrazyt ;
Designación de volumen o secuencia 514
610 #0 - PUNTO DE ACCESO ADICIONAL DE MATERIA - NOMBRE DE ENTIDAD CORPORATIVA
Nombre de entidad corporativa o nombre de jurisdicción como elemento inicial El Diluvio (Diari)
Unidad subordinada Història
Subdivisió,n de materia general Història
9 (RLIN) 4655
856 42 - LOCALIZACIÓN Y ACCESO ELECTRÓNICO
Identificador Uniforme del Recurso (URI) <a href="http://www.puvill.com/toc/9788418550331.pdf">http://www.puvill.com/toc/9788418550331.pdf</a>
Nota pública Table of contents
906 ## - ELEMENTO F DATOS LOCALES, FDL (RLIN)
a 0
b ibc
c origres
d 2
e ncip
f 20
g y-gencatlg
942 ## - ENTRADA DE ELEMENTOS AGREGADOS (KOHA)
Fuente de clasificaión o esquema
Koha [por defecto] tipo de item Monografies
Fons
Suprimido Perdido Estropeado No para pr&eacute;stamo Localizaci&oacute;n permanente Localizaci&oacute;n actual Fuente de adquisici&oacute;n Coste, precio normal de compra Pr&eacute;stamos totales Renovaciones totales Signatura completa C&oacute;digo de barras Fecha &uacute;ltima consulta Fecha &uacute;ltimo pr&eacute;stamo Fecha del precio de reemplazo Tipo de item de Koha
        Centre de Documentació Montserrat Roig Centre de Documentació Montserrat Roig Donació 21.85 1 1 Du 9/60 CDMR21090004 2022-02-03 2021-12-23 2021-09-16 Monografies

Implantat amb Koha